[Event "Horgen SKA"]
[Site "Horgen"]
[Date "1994.??.??"]
[Round "6"]
[White "Magem Badals, Jorge"]
[Black "Fioramonti, Hung"]
[Result "1-0"]
[WhiteElo "2520"]
[BlackElo "2415"]
[PlyCount "63"]
[EventDate "1994.09.??"]
[Source "ChessBase"]

1. e4 d5 2. exd5 Nf6 3. d4 Bg4 4. Be2 Bxe2 5. Qxe2 Qxd5 6. Nf3 Nc6 7. c4 Qe4 8.
Be3 e5 9. d5 Nb4 10. Nc3 Qc2 11. Rb1 Ne4 12. Qxc2 Nxc2+ 13. Ke2 Nxc3+ 14. bxc3
b6 15. Bc1 f6 16. Nd2 c6 17. Kd3 Na3 18. Rb3 Nxc4 19. Kxc4 b5+ 20. Kd3 Rd8 21.
Ke2 Rxd5 22. c4 bxc4 23. Nxc4 Rd4 24. Rb8+ Kf7 25. Nb2 Re4+ 26. Be3 Rb4 27.
Rxb4 Bxb4 28. Rb1 Bd6 29. Nc4 Ke6 30. Bxa7 f5 31. Nxd6 Kxd6 32. Rb8 1-0

[Event "Horgen SKA"]
[Site "Horgen"]
[Date "1994.??.??"]
[Round "6"]
[White "Masserey, Yvan"]
[Black "Schlosser, Philipp"]
[Result "1-0"]
[WhiteElo "2300"]
[BlackElo "2510"]
[PlyCount "89"]
[EventDate "1994.09.??"]
[Source "ChessBase"]

1. e4 c5 2. Nf3 d6 3. d4 cxd4 4. Nxd4 Nf6 5. Nc3 Nc6 6. Be3 Ng4 7. Bg5 h6 8.
Bh4 g5 9. Bg3 Bg7 10. Bb5 Qb6 11. Nde2 Be6 12. Qd2 h5 13. h4 O-O-O 14. a4 gxh4
15. Bxh4 a6 16. Bxc6 bxc6 17. a5 Qb7 18. Na4 c5 19. Nb6+ Kb8 20. Nd5 Bh6 21.
Qd1 f5 22. Rh3 c4 23. Ra4 fxe4 24. Rb4 Bxd5 25. Rxb7+ Bxb7 26. Bxe7 e3 27. fxe3
Nxe3 28. Rxe3 Bxe3 29. Bxd8 Rxd8 30. c3 Bxg2 31. Nd4 Rh8 32. Qe2 Bxd4 33. cxd4
Bb7 34. Qe7 h4 35. Qxd6+ Ka8 36. Qe5 Rd8 37. Qe7 Rh8 38. Qf6 Re8+ 39. Kf2 h3
40. Kg3 Re3+ 41. Kh2 Re2+ 42. Kxh3 Rxb2 43. d5 Rd2 44. d6 c3 45. Qh8+ 1-0

[Event "Horgen SKA"]
[Site "Horgen"]
[Date "1994.??.??"]
[Round "7"]
[White "Fioramonti, Hung"]
[Black "Landenbergue, Claude"]
[Result "1/2-1/2"]
[WhiteElo "2415"]
[BlackElo "2450"]
[PlyCount "38"]
[EventDate "1994.09.??"]
[Source "ChessBase"]

1. Nf3 d5 2. d4 Bf5 3. c4 e6 4. Nc3 c6 5. Qb3 Qb6 6. c5 Qc7 7. Bf4 Qc8 8. e3
Nf6 9. Qa4 Nbd7 10. b4 a6 11. h3 Be7 12. Be2 O-O 13. Nh4 Be4 14. Nf3 Bd8 15.
Nxe4 Nxe4 16. Qc2 Bc7 17. Bd3 f5 18. a4 Qb8 19. Bxc7 Qxc7 1/2-1/2

[Event "Horgen SKA"]
[Site "Horgen"]
[Date "1994.??.??"]
[Round "7"]
[White "Hug, Werner"]
[Black "Godena, Michele"]
[Result "1/2-1/2"]
[WhiteElo "2445"]
[BlackElo "2485"]
[PlyCount "30"]
[EventDate "1994.09.??"]
[Source "ChessBase"]

1. Nf3 d6 2. d4 Bg4 3. Nbd2 Nf6 4. c3 c6 5. h3 Bf5 6. g3 d5 7. Bg2 h6 8. Qb3
Qb6 9. Ne5 e6 10. O-O Be7 11. Re1 O-O 12. e4 Bh7 13. Bf3 Rd8 14. exd5 cxd5 15.
Nf1 Nc6 1/2-1/2

[Event "Horgen SKA"]
[Site "Horgen"]
[Date "1994.??.??"]
[Round "7"]
[White "Zueger, Beat"]
[Black "Hodgson, Julian M"]
[Result "0-1"]
[WhiteElo "2420"]
[BlackElo "2580"]
[PlyCount "78"]
[EventDate "1994.09.??"]
[Source "ChessBase"]

1. c4 e5 2. Nc3 Bb4 3. Nd5 Be7 4. d4 d6 5. e4 Nc6 6. Nxe7 Ngxe7 7. d5 Nd4 8.
Ne2 c5 9. dxc6 Nexc6 10. Nxd4 exd4 11. Bd3 O-O 12. O-O f5 13. f4 Be6 14. exf5
Bxf5 15. Bxf5 Rxf5 16. Qd3 Rc5 17. Bd2 a5 18. Rfe1 Qf6 19. a3 Qg6 20. Qxg6 hxg6
21. Rac1 d5 22. cxd5 Rxd5 23. a4 Kf7 24. Re4 Ra6 25. b3 Rb6 26. Rb1 Nd8 27. b4
axb4 28. Rxb4 Rxb4 29. Bxb4 Nc6 30. Bd2 Rc5 31. Kf2 Rc2 32. Ke1 b6 33. g4 Ra2
34. f5 gxf5 35. Rf4 Ne5 36. Rxf5+ Ke6 37. Bf4 Nd3+ 38. Kd1 g6 39. Rf8 Ke7 0-1

[Event "Horgen SKA"]
[Site "Horgen"]
[Date "1994.??.??"]
[Round "8"]
[White "Brunner, Lucas"]
[Black "Masserey, Yvan"]
[Result "1-0"]
[WhiteElo "2525"]
[BlackElo "2300"]
[PlyCount "77"]
[EventDate "1994.09.??"]
[Source "ChessBase"]

1. c4 Nf6 2. Nf3 e6 3. Nc3 Bb4 4. Qc2 c5 5. a3 Bxc3 6. Qxc3 O-O 7. b4 b6 8. Bb2
Bb7 9. e3 d6 10. Be2 e5 11. O-O Re8 12. d3 Nc6 13. Rae1 Rc8 14. b5 Ne7 15. e4
Ng6 16. g3 Rc7 17. Nd2 Rce7 18. a4 h6 19. a5 Nf8 20. f4 Ne6 21. a6 Bc8 22. f5
Nd4 23. Bd1 Rf8 24. Bc1 Ne8 25. Rf2 f6 26. g4 g5 27. fxg6 Rg7 28. Re3 Rxg6 29.
Rg3 Nc7 30. Nf1 Nce6 31. Ne3 Ng5 32. Kh1 Kh7 33. Qe1 Bd7 34. Nf5 Bc8 35. Qf1
Rfg8 36. Nh4 R6g7 37. Rxf6 Qe7 38. Bxg5 hxg5 39. Qh3 1-0

[Event "Horgen SKA"]
[Site "Horgen"]
[Date "1994.??.??"]
[Round "8"]
[White "Godena, Michele"]
[Black "Fioramonti, Hung"]
[Result "0-1"]
[WhiteElo "2485"]
[BlackElo "2415"]
[PlyCount "74"]
[EventDate "1994.09.??"]
[Source "ChessBase"]

1. e4 Nf6 2. e5 Nd5 3. d4 d6 4. Nf3 Nb6 5. a4 a5 6. Bb5+ c6 7. Bd3 Bg4 8. h3
Bxf3 9. Qxf3 dxe5 10. dxe5 e6 11. O-O N8d7 12. Re1 Qc7 13. Qg3 g6 14. Nd2 Bg7
15. Nf3 Nc5 16. Qh4 Nxd3 17. cxd3 h6 18. Be3 Nd7 19. d4 Bf8 20. Rac1 Be7 21.
Qg4 Nb6 22. h4 Nd5 23. Re2 Qb6 24. Qe4 Qb3 25. Ra1 Nb6 26. Kh2 Qd5 27. Qd3 g5
28. h5 Kd7 29. Nd2 Kc7 30. b3 g4 31. Rh1 Rag8 32. Kg3 f5 33. Kh2 Bg5 34. g3 Be7
35. Nc4 Bb4 36. Rd1 Rg5 37. Bxg5 hxg5 0-1

[Event "Horgen SKA"]
[Site "Horgen"]
[Date "1994.??.??"]
[Round "8"]
[White "Petursson, Margeir"]
[Black "Zueger, Beat"]
[Result "1-0"]
[WhiteElo "2540"]
[BlackElo "2420"]
[PlyCount "123"]
[EventDate "1994.09.??"]
[Source "ChessBase"]

1. c4 g6 2. d4 Bg7 3. e4 d6 4. Nc3 Nf6 5. h3 O-O 6. Bg5 Na6 7. Bd3 e5 8. d5 c6
9. Nge2 cxd5 10. cxd5 Nc5 11. Bc2 a5 12. O-O Qb6 13. Be3 Bd7 14. Rb1 Rfc8 15.
f3 Qd8 16. a4 Qe8 17. g4 b5 18. axb5 Bxb5 19. Rf2 Bd7 20. Ng3 Qd8 21. Ra1 Ne8
22. Qd2 a4 23. Kg2 Qa5 24. Ra3 Qb4 25. Bd1 Nb3 26. Bxb3 axb3 27. Rxa8 Rxa8 28.
Rf1 Nc7 29. Rc1 Nb5 30. Nxb5 Qxb5 31. Rc7 Bf6 32. Bg5 Bxg5 33. Qxg5 Be8 34. Qd2
Qb6 35. Rc3 Ra1 36. Ne2 Rb1 37. h4 Qd8 38. g5 Ba4 39. Ng3 Qb6 40. Rc1 Rxc1 41.
Qxc1 Qd4 42. Qc8+ Kg7 43. Qd8 Qxb2+ 44. Kh3 Qc1 45. h5 h6 46. hxg6 fxg6 47.
Qf6+ Kh7 48. Qf7+ Kh8 49. Qf8+ Kh7 50. Qf7+ Kh8 51. Qf8+ Kh7 52. Qxh6+ Kg8 53.
Qxg6+ Kf8 54. Qf6+ Kg8 55. Qd8+ Kh7 56. g6+ Kxg6 57. Qg8+ Kf6 58. Qe6+ Kg5 59.
Qf5+ Kh6 60. Qh5+ Kg7 61. Nf5+ Kf6 62. Qh8+ 1-0

[Event "Horgen SKA"]
[Site "Horgen"]
[Date "1994.??.??"]
[Round "9"]
[White "Hickl, Joerg"]
[Black "Landenbergue, Claude"]
[Result "1/2-1/2"]
[WhiteElo "2535"]
[BlackElo "2450"]
[PlyCount "51"]
[EventDate "1994.09.??"]
[Source "ChessBase"]

1. g3 d5 2. Bg2 Nf6 3. Nf3 c6 4. b3 Bg4 5. Bb2 Nbd7 6. d3 e6 7. O-O Bd6 8. c4
O-O 9. Qc2 e5 10. h3 Bh5 11. Nh4 Re8 12. Nf5 Bc5 13. a3 a5 14. Nc3 Rc8 15. Rac1
Bf8 16. Rfe1 b5 17. Nb1 Bg6 18. Nh4 b4 19. Nxg6 hxg6 20. axb4 Bxb4 21. Bc3 Nc5
22. Bxb4 axb4 23. Nd2 d4 24. Ra1 Qb6 25. Ra2 Nfd7 26. Rea1 1/2-1/2

[Event "Horgen SKA"]
[Site "Horgen"]
[Date "1994.??.??"]
[Round "9"]
[White "Hug, Werner"]
[Black "Petursson, Margeir"]
[Result "1/2-1/2"]
[WhiteElo "2445"]
[BlackElo "2540"]
[PlyCount "30"]
[EventDate "1994.09.??"]
[Source "ChessBase"]

1. Nf3 Nf6 2. d4 g6 3. Bg5 Bg7 4. Nbd2 c5 5. dxc5 Na6 6. Be3 Ng4 7. Bd4 Bxd4 8.
Nxd4 Nxc5 9. e4 d6 10. Bb5+ Kf8 11. O-O Qb6 12. a4 Kg7 13. Ra3 a6 14. a5 Qa7
15. Bc4 Ne5 1/2-1/2

[Event "Horgen SKA"]
[Site "Horgen"]
[Date "1994.??.??"]
[Round "9"]
[White "Masserey, Yvan"]
[Black "Magem Badals, Jorge"]
[Result "1-0"]
[WhiteElo "2300"]
[BlackElo "2520"]
[PlyCount "80"]
[EventDate "1994.09.??"]
[Source "ChessBase"]

1. e4 c6 2. d4 d5 3. exd5 cxd5 4. c4 Nf6 5. Nc3 e6 6. Nf3 Bb4 7. cxd5 Nxd5 8.
Bd2 O-O 9. Bd3 Nc6 10. O-O Be7 11. a3 Nxc3 12. bxc3 b6 13. Qc2 h6 14. Rfe1 Bb7
15. Qc1 Na5 16. Bb1 Bd5 17. Qc2 f5 18. Ba2 Bf6 19. Bf4 Nc4 20. Nd2 Nxd2 21.
Qxd2 Re8 22. c4 Bc6 23. Be5 Bxe5 24. Rxe5 Qd6 25. Qe3 Rad8 26. Rd1 Kh8 27. Rd2
f4 28. Qc3 f3 29. Bb1 Kg8 30. gxf3 Rf8 31. d5 exd5 32. cxd5 Rxf3 33. Qd4 Bd7
34. Rde2 Rdf8 35. Re7 R3f7 36. Rxf7 Rxf7 37. Qh4 Bf5 38. Re8+ Kh7 39. Be4 Bxe4
40. Qxe4+ g6 1-0

[Event "Horgen SKA"]
[Site "Horgen"]
[Date "1994.??.??"]
[Round "9"]
[White "Zueger, Beat"]
[Black "Brunner, Lucas"]
[Result "1/2-1/2"]
[WhiteElo "2420"]
[BlackElo "2525"]
[PlyCount "61"]
[EventDate "1994.09.??"]
[Source "ChessBase"]

1. c4 c5 2. g3 Nf6 3. Bg2 Nc6 4. Nc3 e6 5. Nf3 d5 6. cxd5 Nxd5 7. O-O Be7 8.
Nxd5 exd5 9. d4 O-O 10. dxc5 Bxc5 11. Ne1 d4 12. Nd3 Bb6 13. Bd2 Re8 14. Rc1
Bg4 15. Re1 Qd7 16. a4 Rac8 17. b4 a6 18. Bf4 Qe6 19. a5 Ba7 20. Qa4 Bxe2 21.
Bf1 Bxf1 22. Rxe6 Bxd3 23. Rxe8+ Rxe8 24. Qb3 Bb5 25. Qd5 h6 26. Qd7 Re7 27.
Qc8+ Kh7 28. Qf5+ Kg8 29. Qc8+ Kh7 30. Qf5+ Kg8 31. Qc8+ 1/2-1/2

[Event "Horgen SKA"]
[Site "Horgen"]
[Date "1994.??.??"]
[Round "10"]
[White "Brunner, Lucas"]
[Black "Magem Badals, Jorge"]
[Result "1/2-1/2"]
[WhiteElo "2525"]
[BlackElo "2520"]
[PlyCount "64"]
[EventDate "1994.09.??"]
[Source "ChessBase"]

1. e4 c6 2. d4 d5 3. Nc3 dxe4 4. Nxe4 Bf5 5. Ng3 Bg6 6. h4 h6 7. Nf3 Nf6 8. Ne5
Bh7 9. Bc4 e6 10. Qe2 Nd5 11. Bb3 Nd7 12. Bd2 a5 13. a4 Nxe5 14. dxe5 Qb6 15.
h5 Bb4 16. O-O Bxd2 17. Qxd2 Rd8 18. Rad1 O-O 19. Qe2 Qb4 20. Rfe1 Qh4 21. Bxd5
cxd5 22. c3 Qxa4 23. Ra1 Qc6 24. Rxa5 d4 25. cxd4 Rxd4 26. Qb5 Rfd8 27. Qxc6
bxc6 28. Rc5 Rb4 29. Rxc6 Rxb2 30. Rec1 Rb1 31. Rxb1 Bxb1 32. Rc1 Rb8 1/2-1/2

[Event "Horgen SKA"]
[Site "Horgen"]
[Date "1994.??.??"]
[Round "10"]
[White "Godena, Michele"]
[Black "Hickl, Joerg"]
[Result "0-1"]
[WhiteElo "2485"]
[BlackElo "2535"]
[PlyCount "98"]
[EventDate "1994.09.??"]
[Source "ChessBase"]

1. e4 g6 2. d4 d6 3. Nf3 Bg7 4. c3 Nd7 5. Bc4 e6 6. Qe2 Ne7 7. Bf4 O-O 8. Nbd2
a6 9. e5 dxe5 10. Nxe5 Nf6 11. Ndf3 Nfd5 12. Bd2 b6 13. O-O c5 14. dxc5 bxc5
15. Rad1 Qc7 16. Rfe1 Rb8 17. Bc1 Rb6 18. h4 Bb7 19. h5 gxh5 20. Ng5 Qxe5 21.
Qxe5 Bxe5 22. Rxe5 Ng6 23. Ree1 Nf6 24. Be3 Rc6 25. f3 Kg7 26. Bf2 h4 27. Ne4
Nxe4 28. Rxe4 Rcc8 29. Re3 Rfd8 30. Rxd8 Rxd8 31. Rd3 Rg8 32. Rd7 Bxf3 33. Bxe6
Ne5 34. Rc7 Kh6 35. Bh3 Bxg2 36. Bxg2 h3 37. Be3+ Kh5 38. Rxc5 Rxg2+ 39. Kh1 f6
40. Bd4 Re2 41. Bxe5 fxe5 42. Rc7 h6 43. b4 Kh4 44. a4 h2 45. Rd7 e4 46. b5
axb5 47. axb5 Kg3 48. Rd1 e3 49. Rb1 Rg2 0-1

[Event "Horgen SKA"]
[Site "Horgen"]
[Date "1994.??.??"]
[Round "10"]
[White "Landenbergue, Claude"]
[Black "Masserey, Yvan"]
[Result "0-1"]
[WhiteElo "2450"]
[BlackElo "2300"]
[PlyCount "90"]
[EventDate "1994.09.??"]
[Source "ChessBase"]

1. c4 Nf6 2. Nf3 e6 3. g3 d5 4. b3 Be7 5. Bg2 O-O 6. O-O c5 7. e3 Nc6 8. Bb2 d4
9. exd4 cxd4 10. Re1 Ne8 11. d3 Nc7 12. Ne5 Nxe5 13. Rxe5 Rb8 14. Nd2 f6 15.
Re1 e5 16. Qe2 Re8 17. Qh5 Bb4 18. Rad1 g6 19. Qe2 a5 20. a3 Bf8 21. Bc1 b5 22.
Qf1 bxc4 23. bxc4 Bd7 24. f4 Ba4 25. f5 Bxd1 26. Rxd1 Bh6 27. Ne4 Bxc1 28. Rxc1
Kg7 29. Qf3 Rf8 30. h4 Qe7 31. a4 gxf5 32. Qxf5 Qe6 33. Qh5 f5 34. Nc5 Qe7 35.
Nb7 e4 36. Nxa5 exd3 37. Qg5+ Qxg5 38. hxg5 Rb4 39. Nc6 Rxa4 40. Nxd4 Kg6 41.
Nf3 Ra3 42. Rd1 Ne6 43. Ne5+ Kxg5 44. Nxd3 Rd8 45. Bd5 Nc7 0-1

[Event "Horgen SKA"]
[Site "Horgen"]
[Date "1994.??.??"]
[Round "10"]
[White "Petursson, Margeir"]
[Black "Fioramonti, Hung"]
[Result "1-0"]
[WhiteElo "2540"]
[BlackElo "2415"]
[PlyCount "53"]
[EventDate "1994.09.??"]
[Source "ChessBase"]

1. c4 e5 2. Nc3 g6 3. d4 d6 4. dxe5 dxe5 5. Qxd8+ Kxd8 6. f4 Be6 7. Nf3 Nd7 8.
fxe5 Bxc4 9. Bf4 Bb4 10. e4 Be6 11. Nd4 Bxc3+ 12. bxc3 Nc5 13. O-O-O Kc8 14.
Be3 Bg4 15. Nf3 Nd7 16. Bb5 h6 17. Rhf1 Ne7 18. h3 a6 19. Be2 Be6 20. Nd4 Nxe5
21. Nxe6 fxe6 22. Rf6 N5c6 23. Bxh6 b6 24. Bg5 e5 25. Rf7 Re8 26. Bg4+ Kb7 27.
Rd7 1-0

[Event "Horgen SKA"]
[Site "Horgen"]
[Date "1994.??.??"]
[Round "10"]
[White "Zueger, Beat"]
[Black "Hug, Werner"]
[Result "1/2-1/2"]
[WhiteElo "2420"]
[BlackElo "2445"]
[PlyCount "32"]
[EventDate "1994.09.??"]
[Source "ChessBase"]

1. d4 Nf6 2. Nf3 g6 3. g3 Bg7 4. Bg2 d5 5. c4 c6 6. Qa4 O-O 7. O-O Be6 8. Ng5
Bf5 9. Nc3 h6 10. Nf3 Ne4 11. Nh4 Bg4 12. cxd5 Nxc3 13. bxc3 cxd5 14. Qb3 g5
15. Qxb7 Nd7 16. Nf3 Nb6 1/2-1/2

[Event "Horgen SKA"]
[Site "Horgen"]
[Date "1994.??.??"]
[Round "11"]
[White "Fioramonti, Hung"]
[Black "Zueger, Beat"]
[Result "0-1"]
[WhiteElo "2415"]
[BlackElo "2420"]
[PlyCount "112"]
[EventDate "1994.09.??"]
[Source "ChessBase"]

1. Nf3 g6 2. c4 Bg7 3. Nc3 c5 4. g3 Nc6 5. Bg2 d6 6. O-O Nh6 7. b3 e5 8. Rb1 f5
9. a3 Nf7 10. b4 h5 11. Nd5 g5 12. d3 h4 13. b5 Nb8 14. b6 Na6 15. Qa4+ Bd7 16.
Qa5 Bc6 17. Nc7+ Nxc7 18. bxc7 Qd7 19. Nxg5 hxg3 20. fxg3 Bxg2 21. Kxg2 f4 22.
Nxf7 Kxf7 23. h4 Rxh4 24. Kf2 Rh2+ 25. Ke1 Qg4 26. Qd2 Qxg3+ 27. Kd1 Rc8 28.
Qa5 Qg2 29. Re1 Rh1 30. Bd2 Rxe1+ 31. Bxe1 Qc6 32. Qxa7 Rxc7 33. Rb6 Qd7 34.
Rb5 Qe7 35. Qb8 Rd7 36. Bd2 Bf6 37. Kc2 Kg7 38. Rb1 Kf7 39. Rh1 Qf8 40. Rh7+
Bg7 41. Qa7 Kg8 42. Rh3 Rf7 43. Qb6 Qe7 44. Rf3 Bh6 45. Qb1 e4 46. Rh3 Bg7 47.
Kb3 b5 48. Rh5 bxc4+ 49. Kxc4 Qe6+ 50. Rd5 f3 51. Be3 f2 52. Bxf2 Rxf2 53. dxe4
Rxe2 54. Qb8+ Bf8 55. Qb3 Rxe4+ 56. Kb5 Qe8+ 0-1

[Event "Horgen SKA"]
[Site "Horgen"]
[Date "1994.??.??"]
[Round "11"]
[White "Hickl, Joerg"]
[Black "Hodgson, Julian M"]
[Result "1/2-1/2"]
[WhiteElo "2535"]
[BlackElo "2580"]
[PlyCount "43"]
[EventDate "1994.09.??"]
[Source "ChessBase"]

1. g3 c5 2. Bg2 g6 3. c4 Bg7 4. Nc3 Nc6 5. a3 d6 6. Rb1 a5 7. d3 Nf6 8. Nf3 O-O
9. O-O Bd7 10. Bd2 Ne8 11. Ne1 Nc7 12. Nc2 Rb8 13. b4 axb4 14. axb4 Nxb4 15.
Nxb4 cxb4 16. Rxb4 b5 17. Nxb5 Nxb5 18. cxb5 Rxb5 19. Rxb5 Bxb5 20. Qb3 Qd7 21.
Rc1 e6 22. Bf4 1/2-1/2

[Event "Horgen SKA"]
[Site "Horgen"]
[Date "1994.??.??"]
[Round "11"]
[White "Hug, Werner"]
[Black "Brunner, Lucas"]
[Result "1/2-1/2"]
[WhiteElo "2445"]
[BlackElo "2525"]
[PlyCount "63"]
[EventDate "1994.09.??"]
[Source "ChessBase"]

1. Nf3 c5 2. g3 g6 3. c3 Nf6 4. Bg2 Bg7 5. d4 cxd4 6. cxd4 d5 7. O-O O-O 8. Nc3
e6 9. Ne5 Nfd7 10. f4 f6 11. Nd3 Nc6 12. e3 f5 13. Ne5 Ndxe5 14. dxe5 Rf7 15.
Qe2 Bd7 16. Rd1 Bf8 17. Bd2 Be8 18. Be1 Rd7 19. Nb5 a6 20. Nd6 Ne7 21. Rac1 Nc8
22. Nxc8 Rxc8 23. Ba5 Rxc1 24. Bxd8 Rxd1+ 25. Qxd1 Rxd8 26. Qc2 Bc6 27. h3 Rc8
28. g4 Bd7 29. Qd2 Ba4 30. b3 Be8 31. gxf5 gxf5 32. Bf3 1/2-1/2

[Event "Horgen SKA"]
[Site "Horgen"]
[Date "1994.??.??"]
[Round "11"]
[White "Magem Badals, Jorge"]
[Black "Landenbergue, Claude"]
[Result "1-0"]
[WhiteElo "2520"]
[BlackElo "2450"]
[PlyCount "47"]
[EventDate "1994.09.??"]
[Source "ChessBase"]

1. e4 c5 2. Nf3 d6 3. d4 cxd4 4. Nxd4 Nf6 5. f3 e6 6. Nc3 Nc6 7. Be3 Bd7 8. Qd2
Nxd4 9. Bxd4 Be7 10. g4 Bc6 11. g5 Nd7 12. h4 O-O 13. O-O-O Qa5 14. Kb1 Rfe8
15. Be3 Bf8 16. h5 Nb6 17. g6 Na4 18. Nb5 Qxd2 19. Rxd2 Red8 20. gxf7+ Kxf7 21.
Nxa7 d5 22. exd5 Bxd5 23. c4 Bxf3 24. Rf2 1-0

[Event "Horgen SKA"]
[Site "Horgen"]
[Date "1994.??.??"]
[Round "11"]
[White "Masserey, Yvan"]
[Black "Godena, Michele"]
[Result "0-1"]
[WhiteElo "2300"]
[BlackElo "2485"]
[PlyCount "87"]
[EventDate "1994.09.??"]
[Source "ChessBase"]

1. e4 c5 2. Nf3 Nc6 3. d4 cxd4 4. Nxd4 e5 5. Nb5 d6 6. N1c3 a6 7. Na3 b5 8. Nd5
Nge7 9. Bg5 h6 10. Qh5 Qa5+ 11. Bd2 Qd8 12. Bg5 hxg5 13. Qxh8 Nxd5 14. exd5
Qa5+ 15. c3 b4 16. Nc4 Qxd5 17. Be2 bxc3 18. bxc3 Qxg2 19. Nxd6+ Ke7 20. O-O-O
Be6 21. Qh5 Qxf2 22. Rhf1 Qe3+ 23. Kb2 f6 24. Bc4 Qh3 25. Qe2 Rd8 26. Bxe6 Qxe6
27. Nc4 Rc8 28. Kb1 Kf7 29. Ka1 Kg8 30. Nb6 Nd4 31. cxd4 Qxb6 32. dxe5 Bb4 33.
Rc1 Qd4+ 34. Kb1 Bc3 35. Rxc3 Qxc3 36. a3 Rb8+ 37. Ka2 Qb3+ 38. Ka1 Qc3+ 39.
Ka2 Qb3+ 40. Ka1 Qxa3+ 41. Qa2+ Qxa2+ 42. Kxa2 fxe5 43. Rf5 Rb5 44. Rxg5 0-1

[Event "Horgen SKA"]
[Site "Horgen"]
[Date "1994.??.??"]
[Round "11"]
[White "Schlosser, Philipp"]
[Black "Petursson, Margeir"]
[Result "1/2-1/2"]
[WhiteElo "2510"]
[BlackElo "2540"]
[PlyCount "61"]
[EventDate "1994.09.??"]
[Source "ChessBase"]

1. e4 c5 2. Nf3 d6 3. d4 cxd4 4. Nxd4 Nf6 5. Nc3 g6 6. Be2 Bg7 7. O-O O-O 8.
Nb3 Nc6 9. Re1 a6 10. Bf1 b5 11. Nd5 Nxd5 12. exd5 Ne5 13. c3 Bd7 14. Be3 Qc7
15. Bd4 Rfe8 16. f4 Ng4 17. Be2 Bxd4+ 18. Qxd4 Nf6 19. Bf3 a5 20. Re3 a4 21.
Nc1 Rac8 22. h3 Qc4 23. Qxc4 bxc4 24. b4 axb3 25. axb3 cxb3 26. Nxb3 e5 27.
dxe6 Rxe6 28. Rd3 Bb5 29. Rd2 Be8 30. Nd4 Re7 31. Ra6 1/2-1/2